01609cam a22003737a 4500003000500000005001700005008004100022010001000063011001000073020001500083035001100098040000900109082002800118110005300146245025400199260002400453300001800477410005300495490004100548590004100589590004100630590004100671590004200712650005100754650002200805810005300827830004800880901000700928905002900935942001000964949008800974999001701062952015601079CHAP20220817044001.0040218d2002 it r 00010 eng d a89370 a90342 a9251048371 a100898 cCHAP10a639.2bF46 v.683 Suppl.2 aFAObWestern Central Atlantic Fishery Commission10aNational reports and technical papers presented at the First Meeting of the WECAFC Ad Hoc Working Group on the Development of Sustainable Moored Fish Aggregating Device Fishing in the Lesser Antilles Le Robert, Martinique, 8-11 Octubre 2001c/by FAO aRome :bFAO,c2002. a295 p.bilus.00aFAObWestern Central Atlantic Fishery Commission 0aFAO. Informe de pescav; 683, Suppl. aBATCH-UPDb10c20130110lUCH01h0458 aBATCH-UPDb10c20130410lUCH01h0135 aBATCH-UPDb10c20130914lUCH01h1340 aCONVERSIONb10c20130109lUCH01h134914aPescazRegión Atlántico Occidental.98742714aRecursos marinos.00aFAObWestern Central Atlantic Fishery Commission0 aFAO. Informe de pescav; 683, Suppl.939587 aBK aMayto Villalobos Santana cLIBRO a639.2 F46 v.683 Suppl.bBCcFAOd33724000915773eFAO1gDonaciØnh104262i100898sb c89370d89370 00104053708FAOaBCbBCcPP_FAOd2019-12-31eDonacionfLIBROi127l0o639.2 F46 v.683 Suppl.p33724000915773r2019-12-31 00:00:00w2019-12-31yLIBRO